• 首页
  • 本馆介绍
  • 公告通知
  • 最新文献
  • 馆藏检索
  • 电子资源
  • 读者导购
  • 参考咨询
  • 我的图书馆
  • 登录
  • 详细信息显示
  • 放入我的书架
  • 预约/预借图书
  • 作者相关作品
  • 分类相关作品
  • 丛书相关作品
  • 出版社相关作品

书目信息

  • 表格格式
  • 工作单格式
  • 卡片格式
题名:
班克斯的帝国博物学
    
 
作者: 李猛 著
分册:  
出版信息: 上海   上海交通大学出版社  2019.05
页数: 301页
开本: 23cm
丛书名: 博物学文化
单 册:
中图分类: N91
科图分类:
主题词: 博物学--bo wu xue--研究
电子资源:
ISBN: 978-7-313-17180-1
000 00991nam 2200277 450
001 0106081913
005 20201106082047.0
010    @a978-7-313-17180-1@b精装@dCNY88.00
100    @a20190921d2019 em y0chiy50 ea
101 0  @achi
102    @aCN@b310000
105    @aa z 000yy
106    @ar
200 1  @a班克斯的帝国博物学@Aban ke si de di guo bo wu xue@dBanks's imperial natural history@f李猛著@zeng
210    @a上海@c上海交通大学出版社@d2019.05
215    @a301页@c图@d23cm
225 2  @a博物学文化@Abo wu xue wen hua@v016
300    @a教育部人文社会科学研究青年基金项目
330    @a本书全景式回顾了英国启蒙运动时期最具影响力的博物学家班克斯的帝国博物学之路,从中可窥见博物学与政治、经济、社会等各方面千丝万缕的联系。
461  0 @12001 @a博物学文化
510 1  @aBanks's imperial natural history@zeng
606 0  @a博物学@Abo wu xue@x研究
690    @aN91@v5
701  0 @a李猛@Ali meng@f(1983-)@4著
801  0 @aCN@bBJSZM@c20201106
905    @b1194372-5@dN91@e8@f4
    
    班克斯的帝国博物学=Banks's imperial natural history/李猛著.-上海:上海交通大学出版社,2019.05
    301页:图;23cm.-(博物学文化;016)
    教育部人文社会科学研究青年基金项目
    
    ISBN 978-7-313-17180-1(精装):CNY88.00
    本书全景式回顾了英国启蒙运动时期最具影响力的博物学家班克斯的帝国博物学之路,从中可窥见博物学与政治、经济、社会等各方面千丝万缕的联系。
●
相关链接 在E读中查询图书 在五车中查询图书 在当当中查询图书 在豆瓣中查询图书


正题名:班克斯的帝国博物学     索取号:N91/8         预约/预借

序号 登录号 条形码 馆藏地/架位号 状态 备注
1 1194372   211943726   第二样本阅览室/ [索取号:N91/8] 在馆    
2 1194373   211943735   第三借阅区/ [索取号:N91/8] 在馆    
3 1194374   211943744   第三借阅区/ [索取号:N91/8] 在馆    
4 1194375   211943753   第三借阅区/ [索取号:N91/8] 在馆    
唐山师范学院图书馆 欢迎您!
大连网信软件有限公司© 版权所有